000 01740cam a2200349 i 4500
001 768714001
003 CO-MdFUSB
005 20201020154832.0
007 ta
008 940202t2010 miuab b 001 0 eng
010 _a 94005571
020 _a0802807364
_q(alk. paper)
020 _a9780802807366
_q(alk. paper)
020 _a028104774X
_q(cased)
020 _a9780281047741
_q(cased)
040 _aDLC
_beng
_cCO-MdFUSB
_dUKM
_dCO-MdFUSB
_dBAKER
_dNLGGC
_dBTCTA
_dLVB
_dYDXCP
_dHEBIS
_dYJL
_dTXBXL
_dOCLCO
_dOCLCA
_dOCLCQ
_dCFT
_dOCLCA
_dOCLCQ
_dNLC
_dOCLCA
_dDHA
_dOCLCQ
_dOCLCO
_dXFF
_dTYC
_dOCLCO
_dOCLCQ
_dOCLCF
_dOCLCO
_dBRL
_dKFH
_dSJG
_dINT
_dOCLCQ
_dOCLCO
_dEUM
_dOCLCQ
_dOCLCO
_dCBA
_dL2U
_dOCLCO
_dBUF
_dOCLCO
_erda
041 _aeng
082 _223
_a296.155
_bV23
100 1 _aVanderKam, James C.
245 1 4 _aThe Dead Sea scrolls today /
_cJames C. VanderKam.
264 1 _aGrand Rapids, Mich. :
_bWm. B. Eerdmans Publishing Company,
_c[2010]
264 4 _c© 2010
300 _axiii, 208 páginas :
_bilustraciones, mapas ;
_c23 cm.
336 _atexto
_btxt
_2rdacontent.
337 _asin mediación
_bn
_2rdamedia.
338 _avolumen
_bnc
_2rdacarrier.
505 0 _a1. Descubrir1. Descubrimientos - 2. Estudio de los manuscritos - 3. Identificación del grupo Qumran - 4. Qumran Esenios - 5. Los Rollos y el Antiguo Testamento - 6. Los Rollos y el Nuevo Testamento - 7. Controversias sobre The Dead Sea Scrolls.ries - 2. Estudio de los manuscritos - 3. Identificación del grupo Qumran - 4. Qumran Essenes - 5. Los rollos y el Antiguo Testamento - 6. Los rollos y el Nuevo Testamento - - 7. Controversias sobre los Rollos del Mar Muerto.
942 _cBK
945 _aJTF-925
999 _c65723
_d65723